| 000 -LEADER |
| fixed length control field |
00507cam a22001811a 4500 |
| 008 - FIXED-LENGTH DATA ELEMENTS--GENERAL INFORMATION |
| fixed length control field |
210708s1999 nyua j 000 0 eng d |
| 020 ## - INTERNATIONAL STANDARD BOOK NUMBER |
| International Standard Book Number |
9780694013012 : |
| Terms of availability |
NT$330.00 |
| 020 ## - INTERNATIONAL STANDARD BOOK NUMBER |
| International Standard Book Number |
0694013013 |
| 050 #4 - LIBRARY OF CONGRESS CALL NUMBER |
| Classification number |
GV481 |
| Item number |
C278 |
| 082 04 - DEWEY DECIMAL CLASSIFICATION NUMBER |
| Classification number |
E FIC CAR |
| Edition number |
23 |
| 100 1# - MAIN ENTRY--PERSONAL NAME |
| Personal name |
Carle, Eric. |
| 245 10 - TITLE STATEMENT |
| Title |
From head to toe / |
| Statement of responsibility, etc. |
Eric Carle. |
| 250 ## - EDITION STATEMENT |
| Edition statement |
1st board book ed. |
| 260 ## - PUBLICATION, DISTRIBUTION, ETC. |
| Place of publication, distribution, etc. |
New York, NY : |
| Name of publisher, distributor, etc. |
HarperFestival, |
| Date of publication, distribution, etc. |
1999. |
| 300 ## - PHYSICAL DESCRIPTION |
| Extent |
1 v. (unpaged) : |
| Other physical details |
col. ill. ; |
| Dimensions |
18 cm. |
| 500 ## - GENERAL NOTE |
| General note |
On board pages. |
| 942 ## - ADDED ENTRY ELEMENTS (KOHA) |
| Source of classification or shelving scheme |
|